Veritá e definitivitá della sentenza canonica
I tiakina i:
| Hōputu: | Pukapuka |
|---|---|
| Reo: | Itāriana |
| I whakaputaina: |
Ciudad del Vaticano
Editrice Vaticana
1997
|
| Rangatū: | Studi Giuridici, 46
|
| Ngā marau: | |
| Ngā Tūtohu: |
Tāpirihia he Tūtohu
Kāore He Tūtohu, Me noho koe te mea tuatahi ki te tūtohu i tēnei pūkete!
|
MARC
| LEADER | 00000nam a2200000 a 4500 | ||
|---|---|---|---|
| 001 | UCR7286 | ||
| 003 | CL-VaPUC | ||
| 008 | 980514e19970000VC |||||||||||||||||ita|d | ||
| 082 | 0 | 4 | |a 262.9 |b VER |2 21 |
| 245 | 1 | 0 | |a Veritá e definitivitá della sentenza canonica |
| 300 | |a 234 p | ||
| 942 | |c BK | ||
| 945 | |d 19980514 00:00:00 |a mvenant | ||
| 260 | |a Ciudad del Vaticano |b Editrice Vaticana |c 1997 | ||
| 650 | 7 | |a DERECHO CANONICO |2 CL-VaPUC |9 408597 | |
| 650 | 7 | |a MATRIMONIO |2 CL-VaPUC |9 408598 | |
| 650 | 7 | |a NULIDAD DEL MATRIMONIO |2 CL-VaPUC |9 408599 | |
| 583 | |a last modification |c 19980514 00:00:00 |k Rodrigo Vera | ||
| 490 | 0 | |a Studi Giuridici, 46 | |
| 999 | |c 269019 |d 269017 | ||
| 952 | |0 0 |1 0 |4 0 |6 262_900000000000000_VER_1997 |7 0 |8 A |9 302605 |a BIBDER |b BIBDER |d 2019-11-20 |i 342491K |o 262.9 VER 1997 |p 342491K |r 2023-01-25 |w 2019-11-20 |y BK |k DER | ||